CompTIA Acronyms 8 - Statistics

General Stats
  • This quiz has been taken 8 times
  • The average score is 5 of 22
Answer Stats
Hint Answer % Correct
NFC Near Field Communication
100%
NaaS Network as a Service
100%
MSConfig Microsoft Configuration
67%
NIC Network Interface Card
67%
NAC Network Access Control
33%
NAT Network Address Translation
33%
NTFS New Technology File System
33%
NiCd Nickel Cadmium
33%
MSDS Material Safety Data Sheet
0%
MT-RJ Mechanical Transfer Registered Jack
0%
MUI Multilingual User Interface
0%
NTSC National Transmission Standards Committee
0%
NAS Network-Attached Storage
0%
NetBIOS Networked Basic Input Output System
0%
NetBEUI Networked Basic Input Output System Extended User Interface
0%
NFS Network File System
0%
NNTP Network News Transfer Protocol
0%
NTP Network Time Protocol
0%
NLX New Low-profile Extended
0%
NTLDR New Technology Loader
0%
NiMH Nickel Metal Hydride
0%
NVMe Non-volatile Memory Express
0%
No matching quizzes found
Score Distribution
Percent of People with Each Score
Percentile by Number Answered
Your Score History
You have not taken this quiz